Państwa Europy w kolejności alfabetycznej - Statystyki

Ogólne statystyki
  • Ten quiz został rozwiązany 45 razy
  • Średni wynik to 31 z 45
Odpowiedzi na mapie
Odpowiedzi zakodowano w zielono-czerwonej skali na mapie do tego quizu, zgodnie z poniższymi procentami.
 
Statystyki odpowiedzi
Państwo % Poprawnych
Albania
97%
Andora
94%
Austria
75%
Belgia
75%
Białoruś
75%
Bośnia i Hercegowina
75%
Bułgaria
72%
Chorwacja
72%
Czarnogóra
72%
Czechy
72%
Dania
72%
Estonia
72%
Finlandia
72%
Francja
72%
Grecja
72%
Hiszpania
69%
Holandia
69%
Litwa
69%
Łotwa
69%
Luksemburg
69%
Macedonia Północna
69%
Polska
69%
Portugalia
69%
Rosja
69%
Rumunia
69%
Serbia
69%
Szwajcaria
69%
Szwecja
69%
Irlandia
66%
Islandia
66%
Kosowo
66%
Liechtenstein
66%
Malta
66%
Mołdawia
66%
Monako
66%
Słowacja
66%
Słowenia
66%
Norwegia
63%
San Marino
63%
Niemcy
59%
Watykan
59%
Ukraina
56%
Węgry
56%
Wielka Brytania
56%
Włochy
53%
Nie znaleziono quizów pasujących do podanych kryteriów
Rozkład punktacji
Procent ludzi z każdym wynikiem
Percentyl według liczby udzielonych odpowiedzi
Twoja historia wyników
Nie rozwiązałeś tego quizu